000 02970nam1a2200313 i 4500
001 RU\NLR\BIBL_A\011218376
005 20260407220013.0
035 _a(NLR Aleph) 011218376
090 _a12010700
_c12010700
100 _a20160622g20169999um y0rusy50 ca
101 0 _arus
102 _aRU
105 _a||||j||||||||
200 1 _aТехнология хранения, переработки и стандартизация продукции растениеводства
_eучебное пособие
_eдля подготовки бакалавров по направлениям 35.03.03 "Агрохимия и агропочвоведение", 35.03.04 "Агрономия"
_e[практикум для студентов учреждений высшего образования, обучающихся по специальностям 1-74.02.01 "Агрономия", 1-74.02.02 "Селекция и семеноводство"] :
_fРязанский гос. агротехнологический ун-т им. П. А. Костычева [и др.
_gВиноградов Д. В. д.б.н., проф. и др.]
210 _aРязань [и др.]
_cФедеральное государственное бюджетное образовательное учреждение высшего профессионального образования "Рязанский государственный агротехнологический университет имени П.А. Костычева"
_d2016
215 _d21
300 _aВ надзаг. также: Белорус. гос. с.-х. акад., Гродн. гос. аграр. ун-т
606 1 _aРастительные продукты
_jУчебные издания для высших учебных заведений
_xПереработка
_92085596
_3RU\NLR\AUTH\661261715
606 1 _aРастительные продукты
_jУчебные издания для высших учебных заведений
_xХранение
_92145376
_3RU\NLR\AUTH\661292585
606 1 _aРастительные продукты
_jУчебные издания для высших учебных заведений
_xСтандартизация
_92280127
_3RU\NLR\AUTH\661366145
675 _a663/664
686 1 _aЛ91я73-1
702 1 _4220
_aВиноградов
_bД.В.
_cд-р биол. наук, канд. с.-х. наук
_gДмитрий Валериевич
_9127583
_3RU\NLR\AUTH\770127608
712 0 2 _4570
_aРязанский государственный агротехнологический университет им. П. А. Костычева
_3RU\NLR\AUTH\8810146240
_9786834
712 0 2 _4570
_aБелорусская государственная сельскохозяйственная академия
_cГорки
_3RU\NLR\AUTH\8816809
_9306883
852 _aNLR
_j2016-3/19421
942 _cBOOK